Statistics for Canadian Prime Ministers by Province

Click here to take the quiz!

General Stats

  • This quiz has been taken 26 times
  • The average score is 19 of 21

Answer Stats

Prime MinisterState% Correct
Stephen HarperAlberta
100%
John MacdonaldOntario
100%
Alexander MackenzieOntario
100%
Pierre Elliott TrudeauQuebec
100%
Justin TrudeauQuebec
100%
Lester B. PearsonOntario
96%
Brian MulroneyQuebec
96%
Jean ChrétienQuebec
96%
Paul MartinQuebec
96%
Louis St. LaurentQuebec
96%
Mackenzie BowellOntario
91%
Wilfrid LaurierQuebec
91%
Joseph ClarkAlberta
87%
Kim CampbellBritish Columbia
87%
R.B. BennettAlberta
83%
John AbbottQuebec
83%
William Lyon Mackenzie KingSaskatchewan
83%
Arthur MeighenManitoba
78%
John ThompsonNova Scotia
78%
John George DiefenbakerSaskatchewan
78%
Robert BordenNova Scotia
70%

Score Distribution

Percentile by Number Answered

Percent of People with Each Score

Your Score History

You have not taken this quiz